000 00804nam a2200217 a 4500
005 20210223130753.0
008 081103s1985 mx r 000 0 spa d
035 _aUPN01000164765
049 _aUNE
080 _a373.3 (540) =20 MOH No.162.
100 1 _aMohite, Prerana
245 1 0 _aDeveloping a classroom instruction programme for disadvantaged primary school children with learning difficulties :
_ban Indian experience /
_cby Prerana Mohite.
260 _aParís :
_bUNESCO ;
_aNew York :
_bUNICEF,
_c1985.
300 _a17 p.
440 0 _aNotes, comments... ;
_v162
690 _aCurriculo de enseñanza primaria - India
690 _aEnseñanza primaria - Desarrollo de los curriculos - India
710 2 _aUNICEF
_924085
710 2 _aPrograma de Alimentación Mundial
905 _aUNESCO
999 _c136877
_d136877